Band Members by Instrument - Psychedelic Edition - Statistics

General Stats
  • This quiz has been taken 161 times
    154 since last reset
  • The average score is 14 of 42
Answer Stats
Band Instrument or Role Answer % Correct
The Jimi Hendrix Experience Vocals, Guitar Jimi Hendrix
95%
Cream Guitar, Vocals Eric Clapton
92%
The Doors Vocals Jim Morrison
91%
Santana (Woodstock lineup) Guitar Carlos Santana
78%
Pink Floyd Bass, Vocals Roger Waters
74%
The Grateful Dead Vocals, Lead Guitar Jerry Garcia
72%
Pink Floyd Vocals, Guitar Syd Barrett
68%
Cream Drums, Vocals Ginger Baker
65%
Jefferson Airplane Vocals, Keyboards Grace Slick
65%
Big Brother and the Holding Company Vocals Janis Joplin
57%
Pink Floyd Drums Nick Mason
56%
The Doors Keyboards Ray Manzarek
56%
Cream Vocals, Bass Jack Bruce
53%
Pink Floyd Keyboards, Vocals Rick Wright
48%
The Doors Guitar Robbie Krieger
47%
The Jimi Hendrix Experience Drums Mitch Mitchell
46%
The Doors Drums John Densmore
40%
The Byrds Vocals, Rhythm Guitar David Crosby
37%
The Jimi Hendrix Experience Bass Noel Redding
34%
The Grateful Dead Rhythm Guitar, Vocals Bob Weir
26%
Jefferson Airplane Rhythm Guitar, Vocals Marty Balin
23%
The Byrds Vocals, Lead Guitar Roger McGuinn
23%
The Byrds Vocals, Tambourine Gene Clark
16%
The Grateful Dead Drums Mickey Hart
16%
Jefferson Airplane Rhythm Guitar, Vocals Paul Kantner
16%
The Grateful Dead Bass, Vocals Phil Lesh
16%
The Byrds Drums Michael Clarke
15%
The Grateful Dead Keyboards, Vocals Ron "Pigpen" McKernan
15%
Jefferson Airplane Bass Jack Casady
14%
Jefferson Airplane Lead Guitar, Vocals Jorma Kaukonen
11%
The Byrds Bass Chris Hillman
10%
The Grateful Dead Drums Bill Kreutzmann
9%
Santana (Woodstock lineup) Vocals, Keyboards Gregg Rolie
9%
Santana (Woodstock lineup) Drums Michael Shrieve
7%
Jefferson Airplane Drums Spencer Dryden
6%
Santana (Woodstock lineup) Bass David Brown
5%
Santana (Woodstock lineup) Percussion Jose "Chepito" Areas
3%
Santana (Woodstock lineup) Percussion Mike Carabello
2%
Big Brother and the Holding Company Drums Dave Getz
1%
Big Brother and the Holding Company Guitar James Gurley
1%
Big Brother and the Holding Company Bass Peter Albin
1%
Big Brother and the Holding Company Guitar Sam Andrew
1%
No matching quizzes found
Score Distribution
Percent of People with Each Score
Percentile by Number Answered
Your Score History
You have not taken this quiz since the last reset